|
|
|
|
| LEADER |
00715cam a2200229ua 4500 |
| 008 |
060815t1989||||||||||| 001 ||eng c |
| 020 |
|
|
|a 81-206-0457-1
|
| 041 |
0 |
|
|a eng
|
| 082 |
|
|
|a 306. 093 4
|b BHA/S
|
| 245 |
0 |
0 |
|a Some aspects of ancient Indian culture: Sir William Meyer Lectures, 1938-39 /
|
| 250 |
|
|
|a 1st.
|
| 260 |
|
|
|a New Delhi:
|b Asian educational services,
|c 1989.
|
| 300 |
|
|
|a 87p..
|
| 362 |
1 |
|
|a 1989.
|
| 365 |
|
|
|a Rs.195/-
|
| 500 |
|
|
|a Includes index.
|
| 504 |
|
|
|a .
|
| 650 |
0 |
|
|a Aryan Culture
|
| 700 |
0 |
2 |
|a D.R.Bhandarkar,
|
| 942 |
|
|
|c BK
|
| 999 |
|
|
|c 11350
|d 11350
|
| 952 |
|
|
|0 0
|1 0
|4 0
|6 306__093000000000000_4_BHA
|7 0
|9 11837
|a KUCL
|b KUCL
|d 2014-05-23
|l 0
|o 306. 093 4 BHA/
|p 13223
|r 2014-05-23
|w 2014-05-23
|y BK
|